Central Library OPAC University of Rajshahi

Insect pests and their control / (Record no. 37356)

MARC details
000 -LEADER
fixed length control field 00556nam a22002057a 4500
001 - CONTROL NUMBER
control field 37356
003 - CONTROL NUMBER IDENTIFIER
rucl marc code BD-RjUL
005 - DATE AND TIME OF LATEST TRANSACTION
control field 20211209052613.0
008 - FIXED-LENGTH DATA ELEMENTS--GENERAL INFORMATION
fixed length control field 141203r1992 ii ||||| |||| 00| 0 eng d
035 ## - SYSTEM CONTROL NUMBER
System control number (BD-RjUL)37459
040 ## - CATALOGING SOURCE
Original cataloging agency BD-RjUL
Language of cataloging eng
Transcribing agency BD-RjUL
041 ## - LANGUAGE CODE
Language code of text/sound track or separate title eng
082 ## - DEWEY DECIMAL CLASSIFICATION NUMBER
Classification number 632.7
Author mark and year EVI 1992
100 ## - MAIN ENTRY--PERSONAL NAME
Personal name Evans, J.W
9 (RLIN) 114507
245 ## - TITLE STATEMENT
Title Insect pests and their control /
Statement of responsibility, etc. by J.W. Evans.
260 ## - PUBLICATION, DISTRIBUTION, ETC. (IMPRINT)
Place of publication, distribution, etc. Nw Delhi :
Name of publisher, distributor, etc. Sumon Book
Date of publication, distribution, etc. 1992
300 ## - PHYSICAL DESCRIPTION
Pagination 178 p. :
Illustrations ill. ;
Size 25 cm.
650 ## - SUBJECT ADDED ENTRY--TOPICAL TERM
Topical term or geographic name as entry element Insect pests
General subdivision Control
9 (RLIN) 113942
942 ## - ADDED ENTRY ELEMENTS (KOHA)
Source of classification or shelving scheme Dewey Decimal Classification
Koha item type Books
Holdings
Lost status Source of classification or shelving scheme Damaged status Not for loan Permanent Location Current Location Shelving location Date acquired Total Checkouts Full call number Date last seen Copy number Koha item type
  Dewey Decimal Classification   Not For Loan Institute of Biological Sciences (IBSc) Library Institute of Biological Sciences (IBSc) Library   03/12/2014   632.7 EVI 1992 03/12/2014 C-1 Books